| 000 | 00806pam a2200289 i 4500 | ||
|---|---|---|---|
| 999 |
_c2983 _d2983 |
||
| 001 | 017366234 | ||
| 003 | Uk | ||
| 005 | 20230914101044.0 | ||
| 008 | 150508s2015 enk |0|0 d|eng | ||
| 015 |
_aGBB564537 _2bnb |
||
| 016 | 7 |
_a017366234 _2Uk |
|
| 020 | _a9780571326884 (paperback) | ||
| 040 |
_aStDuBDS _beng _cStDuBDS _dUk _dKH8 _erda |
||
| 042 | _aukblsr | ||
| 082 | 0 | 4 |
_a822.914 DUF _223 |
| 100 | 1 |
_aDuffy, Carol Ann, _eauthor. |
|
| 245 | 1 | 0 |
_aEveryman / _cCarol Ann Duffy. |
| 264 | 1 |
_aLondon : _bFaber & Faber, _c2015. |
|
| 300 |
_a67 pages ; _c20 cm |
||
| 336 |
_atext _2rdacontent |
||
| 337 |
_aunmediated _2rdamedia |
||
| 338 |
_avolume _2rdacarrier |
||
| 530 | _aAlso published electronically. | ||
| 650 | 0 |
_aChristian ethics _vDrama. |
|
| 650 | 0 | _aMoralities, English. | |
| 942 |
_2ddc _cTR |
||